| 000 | 00545nam a2200205Ia 4500 | ||
|---|---|---|---|
| 003 | OSt | ||
| 005 | 20251121163233.0 | ||
| 008 | 210707s1983 xx 000 0 und d | ||
| 040 | _cAL | ||
| 041 | _aKannada | ||
| 082 | _aK894.3 YASS | ||
| 100 |
_aYASHAVANTA CHITTALA _dಯಶವಂತ ಚಿತ್ತಾಲ _9246578 |
||
| 245 |
_aShikari. _bಶಿಕಾರಿ. |
||
| 260 |
_aBengaluru _bVishva Kannada Sammelana _c1983 |
||
| 300 | _a324,iv p | ||
| 365 |
_b3 _cINR |
||
| 563 | _aPB | ||
| 650 |
_aKannada Fiction _9246579 |
||
| 942 |
_2ddc _cBK |
||
| 999 |
_c180153 _d180153 |
||